| 000 | 00825nam a2200301Ia 4500 | ||
|---|---|---|---|
| 001 | Z_4327 | ||
| 003 | CHAP | ||
| 008 | 220113s1983 xx 000 0 und d | ||
| 010 | _a167397 | ||
| 040 | _cCHAP | ||
| 090 | _aFolleto 28 | ||
| 100 |
_aCentro de Investigaciones Pecuarias del Estado de Sonora _9141025 |
||
| 245 |
_a¡Cómo pastorear las praderas de ryegrass para que den su máximo rendimiento? / _cpor CIPES |
||
| 260 |
_aCarbo, Sonora : _bEl centro, _c1983 |
||
| 300 | _a19 p. ; ilus. | ||
| 440 |
_aRancho; 1 (11-12) _9141582 |
||
| 500 | _a | ||
| 503 | _a | ||
| 650 |
_aGanado pastoreo _9141583 |
||
| 650 |
_aLolium perenne _967505 |
||
| 650 | 7 |
_aPastos forrajeros _xRendimiento _2 _986118 |
|
| 901 | _aFolleto 28 | ||
| 902 | _aA | ||
| 910 | _a1983 | ||
| 942 | _cc14 | ||
| 942 | _cc14 | ||
| 999 |
_c167397 _d167397 |
||